Dirección de marketing
Збережено в:
| Автори: | , |
|---|---|
| Формат: | Книга |
| Мова: | Іспанська |
| Опубліковано: |
Ciudad de México
Pearson Educación
2006
|
| Редагування: | 12a. ed |
| Предмети: | |
| Теги: |
Додати тег
Немає тегів, Будьте першим, хто поставить тег для цього запису!
|
MARC
| LEADER | 00000cam a2200000 a 4500 | ||
|---|---|---|---|
| 001 | UCJ2570 | ||
| 003 | CL-VaPUC | ||
| 005 | 20240617152046.0 | ||
| 008 | 070104e20060000MX |||||||||||||||||spa|d | ||
| 999 | |c 318770 |d 318768 | ||
| 020 | |a 9702607639 | ||
| 040 | |c Pontificia Universidad Católica de Valparaíso | ||
| 082 | 0 | 4 | |a 658.802 |b KOT |2 21 |
| 100 | |a Kotler, Philip |e author |9 578348 | ||
| 245 | 1 | 0 | |a Dirección de marketing |
| 250 | |a 12a. ed | ||
| 260 | |a Ciudad de México |b Pearson Educación |c 2006 | ||
| 300 | |a 729 p | ||
| 583 | |a last modification |c 20120720 02:34:31 |k Rodrigo Vera | ||
| 650 | 0 | |a Marketing |9 259324 | |
| 650 | 0 | |a Valor agregado |9 414855 | |
| 650 | 0 | |a Análisis de mercado |9 260838 | |
| 650 | 0 | |a Gestión de producto |9 462298 | |
| 650 | 0 | |a Fidelización del cliente |9 888509 | |
| 700 | |a Keller, Kevin Lane |e author |9 592406 | ||
| 942 | |c BK |2 ddc | ||
| 945 | |d 20070104 00:00:00 |a cmena | ||
| 952 | |0 0 |1 0 |2 ddc |4 0 |6 658_802000000000000_KOT_2006 |7 0 |8 A |9 396835 |a BIBING |b BIBING |c RES |d 2019-11-22 |i 4309952 |o 658.802 KOT 2006 |p 4309952 |r 2025-01-20 |w 2019-11-22 |y BK |k EII | ||
| 952 | |0 0 |1 0 |2 ddc |4 0 |6 658_802000000000000_KOT_2006 |7 0 |8 A |9 396836 |a BIBING |b BIBING |c RES |d 2019-11-22 |i 4309960 |o 658.802 KOT 2006 |p 4309960 |r 2025-01-20 |w 2019-11-22 |y BK |k EII | ||
| 952 | |0 0 |1 0 |2 ddc |4 0 |6 658_802000000000000_KOT_2006 |7 0 |8 A |9 396837 |a BIBING |b BIBING |c RES |d 2019-11-22 |i 4309979 |l 1 |o 658.802 KOT 2006 |p 4309979 |r 2025-01-20 |s 2022-08-24 |w 2019-11-22 |y BK |k EII | ||
| 952 | |0 0 |1 0 |2 ddc |4 0 |6 658_802000000000000_KOT_2006 |7 0 |8 A |9 396838 |a BIBING |b BIBING |c RES |d 2019-11-22 |i 4309987 |o 658.802 KOT 2006 |p 4309987 |r 2025-01-20 |w 2019-11-22 |y BK |k EII | ||
| 952 | |0 0 |1 0 |2 ddc |4 0 |6 658_802000000000000_KOT_2006 |7 0 |8 A |9 396839 |a BIBING |b BIBING |c RES |d 2019-11-22 |i 4309995 |o 658.802 KOT 2006 |p 4309995 |r 2025-01-20 |w 2019-11-22 |y BK |k EII | ||
| 952 | |0 0 |1 0 |2 ddc |4 0 |6 658_802000000000000_KOT_2006 |7 0 |8 A |9 396840 |a BIBING |b BIBING |c RES |d 2019-11-22 |i 4310004 |o 658.802 KOT 2006 |p 4310004 |r 2025-01-20 |w 2019-11-22 |y BK |k EII | ||
| 952 | |0 0 |1 0 |2 ddc |4 0 |6 658_802000000000000_KOT_2006 |7 0 |8 A |9 396841 |a BIBING |b BIBING |c RES |d 2019-11-22 |i 4310012 |o 658.802 KOT 2006 |p 4310012 |r 2025-01-20 |w 2019-11-22 |y BK |k EII | ||
| 952 | |0 0 |1 0 |2 ddc |4 0 |6 658_802000000000000_KOT_2006 |7 0 |8 A |9 396842 |a BIBING |b BIBING |c RES |d 2019-11-22 |i 4310020 |o 658.802 KOT 2006 |p 4310020 |r 2025-01-20 |w 2019-11-22 |y BK |k EII | ||
| 952 | |0 0 |1 0 |2 ddc |4 0 |6 658_802000000000000_KOT_2006 |7 0 |8 A |9 396843 |a BIBING |b BIBING |c RES |d 2019-11-22 |i 4310039 |o 658.802 KOT 2006 |p 4310039 |r 2025-01-20 |w 2019-11-22 |y BK |k EII | ||
| 952 | |0 0 |1 0 |2 ddc |4 0 |6 658_802000000000000_KOT_2006 |7 0 |8 A |9 396844 |a BIBING |b BIBING |c RES |d 2019-11-22 |i 4310047 |o 658.802 KOT 2006 |p 4310047 |r 2025-01-20 |w 2019-11-22 |y BK |k EII | ||
| 952 | |0 0 |1 0 |4 0 |6 658_802000000000000_KOT_2006 |7 0 |8 R |9 396845 |a BIBGIM |b BIBGIM |d 2019-11-22 |i 4332504 |o 658.802 KOT 2006 |p 4332504 |r 2025-01-15 |w 2019-11-22 |y BK_R |k COM | ||
| 952 | |0 0 |1 0 |4 0 |6 658_802000000000000_KOT_2006 |7 0 |8 R |9 396846 |a BIBGIM |b BIBGIM |d 2019-11-22 |i 4332512 |o 658.802 KOT 2006 |p 4332512 |r 2025-01-15 |w 2019-11-22 |y BK_R |k COM | ||
| 952 | |0 0 |1 0 |4 0 |6 658_802000000000000_KOT_2006 |7 0 |8 A |9 396847 |a BIBCUR |b BIBCUR |d 2019-11-22 |i 4529707 |o 658.802 KOT 2006 |p 4529707 |r 2025-04-22 |w 2019-11-22 |y BK |k MGC | ||
| 952 | |0 0 |1 0 |4 0 |6 658_802000000000000_KOT_2006 |7 0 |8 R |9 396848 |a BIBGIM |b BIBGIM |d 2019-11-22 |i 4788281 |o 658.802 KOT 2006 |p 4788281 |r 2025-01-15 |w 2019-11-22 |y BK_R |k GIM | ||
| 952 | |0 0 |1 0 |4 0 |6 658_802000000000000_KOT_2006 |7 0 |8 R |9 396849 |a BIBENE |b BIBENE |d 2019-11-22 |i 4886666 |l 1 |o 658.802 KOT 2006 |p 4886666 |r 2025-01-15 |s 2022-11-29 |w 2019-11-22 |y BK_R |k ICO | ||